All RLCS Winners - Statistics

General Stats
  • This quiz has been taken 54 times
    30 since last reset
  • The average score is 61 of 185
Answer Stats
Country Player # 🕒 % Correct
France zen 6 '24
94%
United States BeastMode 13 '25
88%
United States jstn. 10 '22
88%
France M0nkey M00n 16 '24
88%
United States Daniel 11 '25
81%
France ExoTiiK 7 '24
81%
Saudi Arabia Rw9 16 '25
81%
Sweden Turbopolsa 12 '21
81%
France Vatira 15 '25
81%
France Alpha54 8 '24
75%
United States Atomic 18 '25
75%
Morocco dralii 7 '25
75%
France Radosin 6 '24
75%
Canada SquishyMuffinz 8 '22
75%
Spain stizzy 1 2'5
75%
Belgium Atow. 10 '25
69%
United States Firstkiller 9 '24
69%
France Kaydop 10 '21
69%
Italy kuxir97 3 '16
69%
Saudi Arabia Nwpo 3 '25
69%
France Seikoo 6 '24
69%
Saudi Arabia trk511 26 '25
69%
England ApparentlyJack 7 '25
63%
France Fairy Peak! 5 '21
63%
United States GarrettG 11 '22
63%
Australia Scrub 5 '23
63%
Brazil yanxnz 16 '25
63%
England archie 2 '22
56%
United States Arsenal 3 '21
56%
Brazil drufinho 11 '25
56%
Morocco itachi 5 '24
56%
Netherlands Joreuz 3 '25
56%
England Joyo 4 '25
56%
France juicy 1 '24
56%
Brazil Lostt 12 '25
56%
Poland Oski 2 '23
56%
England rise. 8 '25
56%
Spain AtomiK 2 '25
50%
Australia cavemanben 1 '20
50%
United States Chronic 5 '24
50%
Spain crr 2 '24
50%
France Extra 13 '22
50%
United States Fireburner 5 '19
50%
United States Kronovi 3 '18
50%
Netherlands oaly. 2 '25
50%
Australia Torsos 29 '25
50%
Portugal AcroniK. 2 '23
44%
Saudi Arabia Ahmad 14 '23
44%
Australia bananahead 15 '25
44%
Brazil caard 12 '23
44%
Brazil CAiOTG1 11 '23
44%
United States Chicago 6 '22
44%
England Deevo 2 '21
44%
Canada JKnaps 7 '22
44%
Saudi Arabia Kiileerrz 16 '25
44%
Saudi Arabia M7sn 3 '23
44%
Spain MaRc_By_8. 10 '22
44%
England noly 4 '23
44%
Saudi Arabia oKhaliD 14 '23
44%
England RelatingWave 2 '21
44%
United States retals 4 '25
44%
United States 0ver Zer0 1 '16
38%
South Africa 2Die4 14 '24
38%
Argentina ajg 7 '24
38%
Belgium AztraL 1 '20
38%
Germany Catalysm 6 '25
38%
Australia CJCJ 6 '22
38%
France Ferra 1 '19
38%
Australia Fever 18 '25
38%
United States Gimmick 2 '18
38%
Australia kaka 4 '25
38%
Scotland Markydooda 3 '16
38%
Finland Metsanauris 2 '21
38%
Brazil nxghht 4 '24
38%
Chile Reysbull 8 '24
38%
South Africa Snowyy 17 '24
38%
Australia Amphis 15 '25
31%
Brazil Aztromick 7 '24
31%
France Chausette45 1 '19
31%
United States Comm 3 '23
31%
Australia Fibérr 4 '23
31%
Australia hntr 2 '23
31%
United States kofyr 1 '25
31%
Brazil kv1 3 '25
31%
Indonesia LCT 12 '24
31%
Ireland Maxeew 13 '24
31%
Brazil Motta 3 '25
31%
Japan ReaLize 13 '24
31%
Brazil Sad 3 '23
31%
Malaysia Sphinx 9 '25
31%
South Africa Sweaty 3 '24
31%
Brazil swiftt 2 '25
31%
United States torment 4 '22
31%
Netherlands ViolentPanda 6 '20
31%
Brazil brad 4 '24
25%
United States CHEESE. 1 '25
25%
Spain DORITO 1 '24
25%
Brazil droppz 3 '23
25%
South Africa Happymeal 3 '22
25%
France Kassio 1 '20
25%
United States MaJicBear 1 '25
25%
United States mist 7 '23
25%
United States reveal 1 '25
25%
Scotland Scrub Killa 3 '21
25%
Argentina shad 6 '21
25%
Canada sosa 6 '25
25%
Australia Superlachie 7 '25
25%
United States Sypical 7 '23
25%
Netherlands ThO. 3 '24
25%
Spain TORRES8232 6 '25
25%
Ireland virtuoso 9 '24
25%
India Abscrazy 2 '22
19%
United States Allushin 1 '21
19%
Spain ASN_RuBiiX 3 '24
19%
United States AYYJAYY 2 '22
19%
Japan Burn 3 '23
19%
Brazil diaz 1 '25
19%
United States dreaz 1 '21
19%
Australia Express 13 '22
19%
Norway gReazymeister 3 '16
19%
United States Jacob 3 '17
19%
New Zealand Kamii 13 '23
19%
South Africa kamz 3 '22
19%
Canada Lachinio 2 '16
19%
Australia Le Duck 1 '21
19%
Spain Leoro 9 '25
19%
Japan Maru 3 '21
19%
Brazil math 4 '22
19%
Brazil matix 1 '19
19%
France Mawkzy 2 '25
19%
Japan mikan 3 '23
19%
Saudi Arabia Nadr 1 '22
19%
Iceland OSM 2 '23
19%
Japan popo^-^ 1 '22
19%
Netherlands remkoe 2 '17
19%
Brazil renaN 2 '21
19%
United States Rizzo 2 '20
19%
United States Scrzbbles 1 '25
19%
United States sigms 1 '22
19%
Australia SPYDOGE 1 '21
19%
Brazil tander 5 '21
19%
Japan Tenhow 6 '22
19%
Spain VKSailen 10 '25
19%
Australia Walcott 2 '22
19%
Austria Yukeo 1 '20
19%
Mexico ZPS 1 '24
19%
Brazil Bemmz 5 '23
13%
New Zealand Caleb 1 '25
13%
South Africa Darth 14 '23
13%
Thailand Kevin 4 '24
13%
New Zealand Laxin 1 '25
13%
Australia lunr 1 '25
13%
Denmark Maestro 1 '16
13%
Canada Sadjunior 2 '16
13%
Brazil snipjz 1 '21
13%
Spain DmentZa 1 '21
6%
Australia Drippay 4 '20
6%
Australia Jake 3 '18
6%
Australia Julz 2 '20
6%
France Kaotik 3 '22
6%
Japan Lunatic. 3 '23
6%
Scotland miztik 1 '17
6%
Japan shaolon 1 '22
6%
Australia Siki 2 '20
6%
South Africa SkillSteal 7 '23
6%
Australia zenulous 1 '19
6%
Japan akikansu 1 '22
0%
South Africa arceon 1 '23
0%
Singapore ballerrees 4 '22
0%
Australia Decka 2 '20
0%
Brazil FirefoxD 1 '21
0%
England FlamE 1 '20
0%
Denmark fruity 1 '19
0%
United States Gambit 1 '16
0%
Brazil Haberkamper 1 '21
0%
Japan Kanra 2 '22
0%
Ireland M1k3Rules 1 '16
0%
Australia misty 1 '22
0%
South Africa Mr.Low 1 '23
0%
Singapore Poofy 1 '22
0%
Australia Requiem 1 '20
0%
Australia Shadey 1 '18
0%
Canada Taroco 2 '21
0%
United States Turinturo 2 '21
0%
Brazil valt 1 '19
0%
No matching quizzes found
Score Distribution
Percent of People with Each Score
Percentile by Number Answered
Your Score History
You have not taken this quiz since the last reset